|
|
|
|
| LEADER |
00000nam2a2200000 4500 |
| 001 |
261775 |
| 005 |
20231101233607.0 |
| 020 |
|
|
|a RU
|b 88-35580
|
| 035 |
|
|
|a (RuTPU)RU\TPU\book\284756
|
| 035 |
|
|
|a RU\TPU\book\283541
|
| 090 |
|
|
|a 261775
|
| 100 |
|
|
|a 20140527d1988 k y0rusy5003 ca
|
| 101 |
0 |
|
|a rus
|
| 102 |
|
|
|a RU
|
| 105 |
|
|
|a y z 100zy
|
| 200 |
0 |
|
|a Ч. 3
|
| 210 |
|
|
|d 1988
|
| 215 |
|
|
|a 245 с.
|
| 461 |
|
1 |
|0 (RuTPU)RU\TPU\book\304086
|t Структура газофазных пламен
|o материалы Международного семинара по структуре газофазных пламен, Новосибирск, 21-31 июля 1986 г.
|f Академия наук СССР (АН СССР), Сибирское отделение (СО), Институт теоретической и прикладной механики (ИТПМ), (Новосибирск) ; под ред. В. К. Баева
|v Ч. 3
|d 1988
|
| 606 |
1 |
|
|a Химическая кинетика
|2 stltpush
|3 (RuTPU)RU\TPU\subj\68947
|9 84004
|
| 610 |
1 |
|
|a газофазное пламя
|
| 610 |
1 |
|
|a структура
|
| 610 |
1 |
|
|a давление
|
| 610 |
1 |
|
|a оптические явления
|
| 610 |
1 |
|
|a электрические явления
|
| 610 |
1 |
|
|a акустические явления
|
| 610 |
1 |
|
|a семинары
|
| 675 |
|
|
|a 544.42(063)
|z rus
|v 4
|
| 801 |
|
0 |
|a RU
|b 63413507
|c 19950417
|g psbo
|
| 801 |
|
1 |
|a RU
|b 63413507
|c 20140516
|
| 801 |
|
2 |
|a RU
|b 63413507
|c 20160606
|g RCR
|
| 942 |
|
|
|c BK
|